| 000 -LEADER | |
|---|---|
| fixed length control field | 00333nam a22001217a 4500 |
| 020 ## - INTERNATIONAL STANDARD BOOK NUMBER | |
| ISBN | 1861523483 |
| 050 ## - LIBRARY OF CONGRESS CALL NUMBER | |
| Classification number | HB171.5 |
| 100 ## - MAIN ENTRY--AUTHOR NAME | |
| Personal name | Moschawdreas, Moria |
| 245 ## - TITLE STATEMENT | |
| Title | Business economics |
| 260 ## - PUBLICATION, DISTRIBUTION, ETC. (IMPRINT) | |
| Place of publication | London |
| Name of publisher | International Thomson Business Press |
| Year of publication | 1994 |
| 300 ## - PHYSICAL DESCRIPTION | |
| Number of Pages | 538p. |
| Other physical details | xix, includes bibliographical references and index |
| 942 ## - ADDED ENTRY ELEMENTS (KOHA) | |
| Koha item type | Books |
| Koha item type | Collection code | Shelving location | Accession Number | Permanent Location | Current Location | Date acquired | Full call number |
|---|---|---|---|---|---|---|---|
| Books | Lending | Lending | 0043 | Chapman Library | Chapman Library | 2016-02-02 | HB171.5mos |
| Books | Reference | Reference | 0044 | Chapman Library | Chapman Library | 2016-02-02 | HB171.5mos |

